Vietnam philosophical thought Issues of the past and modern age

में बचाया:
ग्रंथसूची विवरण
अन्य लेखक: Pham, Van Duc (संपादक), Tran, Tuan Phong (संपादक)
स्वरूप: पुस्तक
प्रकाशित: Hà Nội Đại học sư phạm 2017
विषय:
टैग : टैग जोड़ें
कोई टैग नहीं, इस रिकॉर्ड को टैग करने वाले पहले व्यक्ति बनें!
Thư viện lưu trữ: Trung tâm Học liệu Lê Vũ Hùng, Trường Đại học Đồng Tháp
LEADER 01098pam a22003378a 4500
001 00039924
005 20171026081025.0
008 170717s2017 ||||||Viesd
020 # # |a 9786045433676 
041 0 # |a Vie 
082 1 4 |a 181.197  |b V308PH 
100 1 # |a Pham, Van Duc  |e Editor 
245 1 0 |a Vietnam philosophical thought  |c Pham Van Duc, Tran Tuan Phong (editor)  |b Issues of the past and modern age 
246 0 1 |a Tư tưởng Triết học Việt Nam: Những vấn đề lịch sử và đương đại 
260 # # |a Hà Nội  |b Đại học sư phạm  |c 2017 
300 # # |a 500 tr.  |c 24 cm. 
653 # # |a Lịch Sử 
653 # # |a Triết học 
653 # # |a Vấn đề 
653 # # |a Việt Nam 
653 # # |a Tư tưởng 
700 1 # |a Tran, Tuan Phong  |e Editor 
852 # # |j KD.0020926  |j KM.0022102 
852 # # |b Kho đọc  |j KD.0020926 
852 # # |b Kho mượn  |j KM.0022102 
910 |d 17/07/2017 
980 # # |a Trung tâm Học liệu Lê Vũ Hùng, Trường Đại học Đồng Tháp